Sports Quiz

Random Sports Quiz
Score 0/17 Timer 10:00
0 Plays Today
Hint Answer % Correct
1976 Montreal (Winner: Romania)Nadia Comaneci
83.3%
1984 Los Angeles (Winner: United States)Mary Lou Retton
83.3%
2016 Rio (Winner: United States)Simone Biles
83.3%
2004 Athens (Winner: United States)Carly Patterson
66.7%
2008 Beijing (Winner: United States)Nastia Liukin
66.7%
2012 London (Winner: United States)Gabby Douglas
66.7%
1964 Tokyo (Winner: Czechoslovakia)Vera Caslavska
50%
1968 Mexico City (Winner: Czechoslovakia)Vera Caslavska
50%
1996 Atlanta (Winner: Ukraine)Lilia Podkopayeva
50%
Hint Answer % Correct
2000 Sydney (Winner: Romania)Simona Amanar
50%
1952 Helsinki (Winner: Sovient Union)Maria Gorokhovskaya
33.3%
1956 Melbourne (Winner: Sovient Union)Larisa Latynina
33.3%
1960 Rome (Winner: Sovient Union)Larisa Latynina
33.3%
1972 Munich (Winner: Sovient Union)Ludmilla Tourischeva
33.3%
1988 Seoul (Winner: Sovient Union)Yelena Shushunova
33.3%
1992 Barcelona (Winner: Unified Team)Tatiana Gutsu
33.3%
1980 Moscow (Winner: Sovient Union)Yelena Davydova
16.7%
Remove Ads.
Support Sporcle.
Get the best of Sporcle when you Go Orange. This ad-free experience offers more features, more stats, and more fun while also helping to support Sporcle. Thank you for becoming a member.

You're not logged in!

Compare scores with friends on all Sporcle quizzes.
OR
Log In

Sporcle TV

Today on Sporcle TV


Watch our educational content, quiz creation guides, and fun videos on Sporcle TV.

Show Comments

Extras

Created May 18, 2020ReportNominate
Tags:gold, Individual, Medalist, Women

Top Quizzes Today


Score Distribution

Paid Content

Your Account Isn't Verified!

In order to create a playlist on Sporcle, you need to verify the email address you used during registration. Go to your Sporcle Settings to finish the process.

Report this User

Report this user for behavior that violates our Community Guidelines.

Details: